Ultimate Cake

Bibliographic Details
Main Author: Maher, Barbara
Format: Book
Published: London : Dorling Kindersley Ltd , 1998
Subjects:

MARC

LEADER 00000cam a2200000 7i4500
001 0000013034
005 20050419.0
020 |a 0751305626 
040 |a INS 
090 0 0 |a TX771.   |b M3144 1998 
100 1 |a Maher, Barbara 
245 1 0 |a Ultimate Cake   |c Barbara Maher 
260 |a London :   |b Dorling Kindersley Ltd ,   |c 1998 
300 |a 160p :   |b 24cm 
650 0 0 |a Cake 
999 |a 0000013363   |b BOOK   |c Open Shelf   |e Default branch